Wuthering Waves Playable Characters (3.3) - Statistiques

Statistiques générales
  • Ce quiz a été pris 115 fois
    9 depuis la dernière actualisation
  • Le résultat moyen est 41 sur 59
Statistiques - réponses
Character Element Weapon Region % Correct
Calcharo Electro Broadblade New Federation
100%
Camellya Havoc Sword Black Shores
100%
Augusta
86%
Brant Fusion Sword Rinascita
86%
Buling
86%
Cantarella Havoc Rectifier Rinascita
86%
Changli Fusion Sword Huanglong
86%
Galbrena
86%
Iuno
86%
Lupa Fusion Broadblade Rinascita
86%
Phoebe Spectro Rectifier Rinascita
86%
Phrolova Havoc Rectifier -
86%
Pistol
86%
Roccia Havoc Gauntlets Rinascita
86%
Shorekeeper Spectro Rectifier Black Shores
86%
Sword
86%
Yinlin Electro Rectifier Huanglong
86%
Zani Spectro Gauntlets Rinascita
86%
Aalto Aero Pistol Black Shores
71%
Broadblade
71%
Carlotta Glacio Pistol Rinascita
71%
Encore Fusion Rectifier Black Shores
71%
Glacio
71%
Havoc
71%
Hiyuki
71%
Jianxin Aero Gauntlets Huanglong
71%
Jiyan Aero Broadblade Huanglong
71%
Lingyang Glacio Gauntlets Huanglong
71%
Lynae
71%
Mornye
71%
Taoqi Havoc Broadblade Huanglong
71%
Verina Spectro Rectifier Huanglong
71%
Xiangli Yao Electro Gauntlets Huanglong
71%
Yuanwu Electro Gauntlets Huanglong
71%
Aemeath
57%
Aero
57%
Cartethyia Aero Sword Rinascita
57%
Chisa
57%
Chixia Fusion Pistol Huanglong
57%
Ciaccona Aero Pistol Rinascita
57%
Denia
57%
Electro
57%
Fusion
57%
Gauntlets
57%
Jinhsi Spectro Broadblade Huanglong
57%
Luuk Herssen
57%
Mortefi Fusion Pistol Huanglong
57%
Qiuyuan
57%
Rectifier
57%
Rover N/D Sword Unknown
57%
Sanhua Glacio Sword Huanglong
57%
Sigrika
57%
Spectro
57%
Yangyang Aero Broadblade Huanglong
57%
Youhu Glacio Gauntlets Huanglong
57%
Zhezhi Glacio Rectifier Huanglong
57%
Baizhi Glacio Rectifier Huanglong
43%
Danjin Havoc Sword Huanglong
43%
Lumi Electro Broadblade Huanglong
43%
Aucun quiz correspondant
Distribution des résultats
% des personnes avec chaque résultat
Percentile par nombre de réponses
Votre historique - résultats
Vous n’avez pas pris ce quiz depuis la dernière actualisation